| 000 | 00804nam a22002657a 4500 | ||
|---|---|---|---|
| 003 | UA-OsUOA | ||
| 001 | 29143 | ||
| 007 | ta | ||
| 008 | 20040930b un ||||| |||| 00| 0 ukr d | ||
| 100 | _aЛекант П.А. | ||
| 090 |
_a81'367-161.1 _bЛ43 |
||
| 942 | _cBK | ||
| 040 |
_aUA-OsUOA _brus _cUA-OsUOA _dUA-OsUOA |
||
| 245 |
_aСборник упражнений по синтаксису современного русского языка _bПособие для самостоятельной работы |
||
| 300 | _a223 с. | ||
| 955 | _a0 | ||
| 041 | _arus | ||
| 080 | _a81'367-161.1 | ||
| 020 | _a6-06-000197-0 | ||
| 260 |
_aМосква _bВысшая школа _c1989 |
||
| 044 | _aRU | ||
| 250 | _n2-е изд., испр. и доп. | ||
| 650 | 7 | _2UDC | |
| 999 |
_c315524 _d315524 |
||